Připojte se k Internetu /

Saved in:
Bibliographic Details
Main Author: Antoš, Marek (Author)
Format: Book
Language:Czech
Published: Praha : Computer Press, 1996
Edition:1.vyd.
Subjects:
Tags: Add Tag
No Tags, Be the first to tag this record!

MARC

LEADER 00000nam a22000003a 4500
001 stu45486
005 20150617225716.0
008 960920s1996----cs------------------cze-d
040 |a STU  |b slo 
041 0 |a cze 
044 |a cs 
080 |a 681.324 
100 1 |a Antoš, Marek  |4 aut 
245 1 |a Připojte se k Internetu /  |c [aut.]Marek Antoš 
250 |a 1.vyd. 
260 |a Praha :  |b Computer Press,  |c 1996 
300 |a 236 s 
650 7 |a internet  |2 stusub 
650 7 |a Siete počítačové medzinárodné  |2 stusub 
996 |b 284M036081  |c M*9398-1  |l MMKN  |s A  |a 24  |w stu45486_0001